01013nam a22002057a 4500003000400000008004100004020001800045082001400063100004500077245003600122250001200158260003800170300001100208650001200219942001200231999001700243952017900260952019000439952017800629OSt240401b |||||||| |||| 00| 0 eng d a9788125059301 a613.2 CHN aCHADHA, Ravinder and MATHUR, Pulkit, ed. aNutrition: A Lifecycle Approach aReprint aTelanganabOrient BlackSwanc2023 a425 p. aB. FAD. 2ddccBK c12371d12371 00102ddc40708BFADaPIETNCRbPIETNCRd2024-03-23eZafaa Books & DistributorsfIn Rupeesg725.00kZBD0458l0o613.2 CHNpN3573r2024-04-01 00:00:00v507.50w2024-03-23yREF 00102ddc40708BFADaPIETNCRbPIETNCRd2024-03-23eZafaa Books & DistributorsfIn Rupeesg725.00kZBD0458l1o613.2 CHNpN3574r2025-04-19 00:00:00s2025-02-27v507.50w2024-03-23yBK 00102ddc40708BFADaPIETNCRbPIETNCRd2024-03-23eZafaa Books & DistributorsfIn Rupeesg725.00kZBD0458l0o613.2 CHNpN3575r2024-04-01 00:00:00v507.50w2024-03-23yBK